A Nagyszombati Érseki Főgimnázium És A Vele Kapcsolatos Kir.-Érseki Konviktus Értesítője Az ... iskolai évről

Bibliographic Details
Previous Title:Nagyszombati érseki főgymnasium érdemsorozata az ... tanév 2. felében
Format: Serial
Language:Hungarian
PhysicalDescription:20 zväzkov 24 cm
Published: Nagyszombat Nyomatott Winter Zsigmond Nyomdájában 1898-1918
Nagyszombat Nyomatott Winter Zsigmond Könyvnyomdájában
Subjects:

MARC

LEADER 00000cas a2200000 4500
001 vtls012289433
003 SK-MaSNL
005 20260228155624.0
008 260109d18981918xo ar y 000 b0hun
040 |a SVKPO  |b slo  |c SVKPO  |d SNK  |e rda 
041 0 |a hun 
043 |a e-xo--- 
044 |a xo  |c SK 
072 7 |a 373.5/.6  |x Stredné školy  |2 konspekt 
080 |a 373.5  |2 2011 
080 |a (437.612)  |2 2011 
080 |a (047)  |2 2011 
080 |a (058)  |2 2011 
130 0 |a Értesítője  |9 265022 
245 1 2 |a A Nagyszombati Érseki Főgimnázium És A Vele Kapcsolatos Kir.-Érseki Konviktus Értesítője Az ... iskolai évről 
264 1 |a Nagyszombat  |b Nyomatott Winter Zsigmond Nyomdájában  |c 1898-1918 
264 3 1 |3 1913-1916  |a Nagyszombat  |b Nyomatott Winter Zsigmond Könyvnyomdájában 
300 |a 20 zväzkov  |c 24 cm 
310 |a 1x ročne 
336 |a text  |b txt  |2 rdacontent 
337 |a bez média  |b n  |2 rdamedia 
338 |a zväzok  |b nc  |2 rdacarrier 
362 0 |a 1898/99-1917/18  |z oszk.hu 
500 |a Red.: 1909/10-1914/15, Sinkó József ; 1915/16, Hudyma Emil 
500 |a Súčasťou názvových údajov je označenie školského roku 
588 |a Popis podľa: Školský rok 1909/1910 
610 2 7 |a Arcibiskupské gymnázium v Trnave  |2 SNKKA  |9 255689 
650 0 7 |a gymnáziá  |2 SNKPH  |9 16386 
651 7 |a Trnava (Slovensko)  |2 SNKPHgeo  |9 19407 
655 7 |a správy  |2 SNKPH  |9 70563 
655 7 |a ročenky  |2 SNKPH  |9 57146 
700 1 |a Sinkó, József  |4 red  |9 265023 
700 1 |a Hudyma, Emil  |4 red  |9 265024 
752 |a Slovensko  |d Trnava 
780 0 0 |t Nagyszombati érseki főgymnasium érdemsorozata az ... tanév 2. felében 
999 |c 9  |d 9 
952 |0 0  |1 0  |4 0  |7 0  |8 2  |a SNK  |b SNK  |d 2026-01-09  |i snkČIV 14/59  |l 0  |o snkČSC 889/1909-1910 D1  |p 17A1556499  |r 2026-02-21 21:11:25  |w 2026-02-21  |y PREZ  |z r. 1910 
952 |0 0  |1 0  |4 0  |7 0  |8 2  |a SNK  |b SNK  |d 2026-01-09  |i snkČIV 15/59  |l 0  |o snkČSC 889/1910-1911 D1  |p 17A1556500  |r 2026-02-21 21:11:25  |w 2026-02-21  |y PREZ  |z r. 1911 
952 |0 0  |1 0  |4 0  |7 0  |8 2  |a SNK  |b SNK  |d 2026-01-09  |i snkČIV 16/59  |l 0  |o snkČSC 889/1911-1912 D1  |p 17A1556501  |r 2026-02-21 21:11:25  |w 2026-02-21  |y PREZ  |z r. 1912 
952 |0 0  |1 0  |4 0  |7 0  |8 2  |a SNK  |b SNK  |d 2026-01-09  |i snkČIV 17/59  |l 0  |o snkČSC 889/1912-1913 D1  |p 17A1556502  |r 2026-02-21 21:11:25  |w 2026-02-21  |y PREZ  |z r. 1913 
952 |0 0  |1 0  |4 0  |7 0  |8 2  |a SNK  |b SNK  |d 2026-01-09  |i snkČIV 18/59  |l 0  |o snkČSC 889/1913-1914 D1  |p 17A1556503  |r 2026-02-21 21:11:25  |w 2026-02-21  |y PREZ  |z r. 1914 
952 |0 0  |1 0  |4 0  |7 0  |8 2  |a SNK  |b SNK  |d 2026-01-09  |i snkČIV 19/59  |l 0  |o snkČSC 889/1914-1915 D1  |p 17A1556504  |r 2026-02-21 21:11:25  |w 2026-02-21  |y PREZ  |z r. 1915 
952 |0 0  |1 0  |4 0  |7 0  |8 2  |a SNK  |b SNK  |d 2026-01-09  |i snkČIV 20/59  |l 0  |o snkČSC 889/1915-1916 D1  |p 17A1556505  |r 2026-02-21 21:11:25  |w 2026-02-21  |y PREZ  |z r. 1916